TEXTBOOK OF MICROBIOLOGY (Record no. 15764)
[ view plain ]
| 000 -LEADER | |
|---|---|
| fixed length control field | 00343nam a22001577a 4500 |
| 003 - CONTROL NUMBER IDENTIFIER | |
| control field | SGT |
| 020 ## - INTERNATIONAL STANDARD BOOK NUMBER | |
| International Standard Book Number | 9789386235251 |
| 082 ## - DEWEY DECIMAL CLASSIFICATION NUMBER | |
| Classification number | 616.01 |
| Item number | ANA |
| 100 ## - MAIN ENTRY--PERSONAL NAME | |
| Personal name | ANANTNARAYAN |
| 245 ## - TITLE STATEMENT | |
| Title | TEXTBOOK OF MICROBIOLOGY |
| 250 ## - EDITION STATEMENT | |
| Edition statement | 10TH |
| 260 ## - PUBLICATION, DISTRIBUTION, ETC. (IMPRINT) | |
| Name of publisher, distributor, etc | UNIVERSITIES PRESS |
| Year of Publication | 2017 |
| 300 ## - PAGE DESCRIPTION | |
| No. of Pages | 716 |
| 650 ## - SUBJECT ADDED ENTRY--TOPICAL TERM | |
| Topical term or geographic name as entry element | PHYSICAL SCIENCE |
| 942 ## - ADDED ENTRY ELEMENTS (KOHA) | |
| Source of classification or shelving scheme | Dewey Decimal Classification |
| Koha item type | Books |
| Withdrawn status | Lost status | Source of classification or shelving scheme | Damaged status | Not for loan | Collection code | Home library | Current library | Shelving location | Date acquired | Vendor Name | Cost, normal purchase price | SGTU | Bill Number | Total Checkouts | Full call number | Accession No. (Barcode) | Date last seen | Bill Date | Koha item type | Date last borrowed |
|---|---|---|---|---|---|---|---|---|---|---|---|---|---|---|---|---|---|---|---|---|
| Dewey Decimal Classification | SCIENCE | SGT Science & Social Sciences Library | SGT Science & Social Sciences Library | Text Book | 04/08/2018 | AHUJA BOOK COMPANY | 850.00 | SGTU | 9842 | 616.01 ANA | PS4451 | 04/08/2018 | 04/08/2018 | Books | ||||||
| Dewey Decimal Classification | SCIENCE | SGT Science & Social Sciences Library | SGT Science & Social Sciences Library | Text Book | 04/08/2018 | AHUJA BOOK COMPANY | 850.00 | SGTU | 9842 | 616.01 ANA | PS4452 | 04/08/2018 | 04/08/2018 | Books | ||||||
| Dewey Decimal Classification | SCIENCE | SGT Science & Social Sciences Library | SGT Science & Social Sciences Library | Text Book | 04/08/2018 | AHUJA BOOK COMPANY | 850.00 | SGTU | 9842 | 616.01 ANA | PS4453 | 04/08/2018 | 04/08/2018 | Books | ||||||
| Dewey Decimal Classification | SCIENCE | SGT Science & Social Sciences Library | SGT Science & Social Sciences Library | Text Book | 04/08/2018 | AHUJA BOOK COMPANY | 850.00 | SGTU | 9842 | 1 | 616.01 ANA | PS4454 | 29/04/2019 | 04/08/2018 | Books | 16/04/2019 | ||||
| Dewey Decimal Classification | SCIENCE | SGT Science & Social Sciences Library | SGT Science & Social Sciences Library | Text Book | 04/08/2018 | AHUJA BOOK COMPANY | 850.00 | SGTU | 9842 | 2 | 616.01 ANA | PS4455 | 05/09/2025 | 04/08/2018 | Books | 05/09/2025 |